Biblioteca y Centro de Documentación

Vista normal Vista MARC

Entrada Nombre corporativo

Número de registros utilizados en: 1

001 - NÚMERO DE CONTROL

  • Campo de control: 35146

003 - IDENTIFICADOR DE NÚMERO DE CONTROL

  • Campo de control: ES-MaCES

005 - FECHA Y HORA DE LA ULTIMA MODIFICACION

  • Campo de control: 20140811134443.0

008 - ELEMENTOS DE DATOS DE LONGITUD FIJA

  • Campo de longitud fija: 140811|| azz||aabn | a|a d

040 ## - FUENTE DE LA CATALOGACIÓN

  • Agencia original de catalogación: ES-MaCES

110 1# - ENCABEZAMIENTO--NOMBRE CORPORATIVO

  • Nombre corporativo o de jurisdicción como elemento de entrada: España
  • Título de una obra: Real Decreto-ley de medidas urgentes para el fomento del empleo y la contratación indefinida.
  • Lugar de reunión o firma del tratado: 2014

670 ## - FUENTE DE DATOS ENCONTRADOS

  • Fuente de citación: BOE núm. 52 de 01 de Marzo de 2014
  • Información encontrada: Real Decreto-ley 3/2014, de 28 de febrero
© CES, Consejo Económico y Social de España 2021